000 00495nam a2200181Ia 4500
003 GCL
008 140319s9999 xx 000 0 ara d
040 _aGCL /
_cGCL
082 0 4 _a811.01
_bس ر
100 1 _aسيف الرحبى
245 1 0 _aرجل من الربع الخالى /
_cسيف الرحبى
260 _a[S.N] :
_bدار الجديد ،
_c1993
300 _a73 ص
490 _a
650 0 4 _aالشعر العربى
650 0 4 _aدواوين وقصائد
942 _2ddc
_cBK
999 _c54671
_d54671